Revista Universitaria : (Record no. 21777)

000 -CABECERA
fixed length control field 03112nam a22004217a 4500
003 - IDENTIFICADOR DEL NÚMERO DE CONTROL
control field AR-CdUCM
008 - DATOS DE LONGITUD FIJA--INFORMACIÓN GENERAL
fixed length control field 190425b ||||| |||| 00| 0 spa d
040 ## - FUENTE DE LA CATALOGACIÓN
Agencia/entidad que catalogó originalmente la obra MUNICIPALIDAD PROVINCIAL DEL CUSCO
Entidad que transcribió la catalogación BIBLIOTECA MUNICIPAL DEL CUSCO
082 ## - NÚMERO DE LA CLASIFICACIÓN DECIMAL DEWEY
No. de Clasificación Rev.Univ/N°122-125/1965
110 ## - ENTRADA PRINCIPAL--NOMBRE DE ENTIDAD CORPORATIVA
Nombre de la institución, jurisdicción como entrada principal Universidad Nacional de San Antonio Abad del Cusco
9 (RLIN) 15942
245 ## - MENCIÓN DE TÍTULO
Título Revista Universitaria :
Resto del título Órgano de la Universidad del Cuzco /
260 ## - PUBLICACIÓN, DISTRIBUCIÓN, ETC.
Lugar de publicación, distribución, etc. Cusco :
Nombre de la editorial, distribuidor, etc. Garcilaso,
Fecha de publicación, distribución, etc. 1965.
300 ## - DESCRIPCIÓN FÍSICA
Nº de Páginas Extensión 507 páginas. :
Dimensiones 20 cm.
440 ## - MENCIÓN DE SERIE/PUNTO DE ACCESO ADICIONAL--TÍTULO
Título Revista Universitaria
Número de la parte/sección de una obra Año LI-LII, 1962-1963, N°122-123,124-125.
9 (RLIN) 46051
505 ## - NOTA DE CONTENIDO CON FORMATO
Nota de contenido formateada Contenido: La integración económica Latino Americana y factores de desarrollo en el Perú. -- Garcilaso símbolo del mestizo peruano. Alfredo Yépez Miranda. -- Apuntes para la historia de la industria textil en el Cusco colonial. Maximiliano Moscoso. -- El Ayllu y la Marca en el antiguo Perú. -- Técnica y arte de la cantería Inca. Emilio Harth Terre. -- Industrias alimenticias en el Cuzco. Jorge Kuon Cabello. -- Investigación sobre las características de resistencia de nuestras maderas regionales. Eduardo Marmanillo. -- Determinación del equivalente químico de la glicerina en el procedimiento volumétrico de Hehner. Ernesto Montesinos. -- La influencia del quechua en el castellano de América. Andrés Alencastre Gutiérrez. -- Cuzco eterno. Alfredo Yépez Miranda. -- Cuzco impresiones de viaje. Carlos Ríos Pagaza. -- El problema del libre albedrío en el derecho penal. José Sotomayor Pérez. -- Apéndice Reediciones de libros de autores cuzqueños . -- Juan Espinoza Medrano. Apologético en favor de don Luis de Góngora.
650 ## - PUNTO DE ACCESO ADICIONAL DE MATERIA--TÉRMINO DE MATERIA
Descriptor Inca Garcilaso de la Vega
9 (RLIN) 300
650 ## - PUNTO DE ACCESO ADICIONAL DE MATERIA--TÉRMINO DE MATERIA
Descriptor Mestizaje
9 (RLIN) 2739
650 ## - PUNTO DE ACCESO ADICIONAL DE MATERIA--TÉRMINO DE MATERIA
Descriptor Textilería cusqueña
9 (RLIN) 46052
650 ## - PUNTO DE ACCESO ADICIONAL DE MATERIA--TÉRMINO DE MATERIA
Descriptor Historia de la textilería
9 (RLIN) 46053
650 ## - PUNTO DE ACCESO ADICIONAL DE MATERIA--TÉRMINO DE MATERIA
Descriptor Textilería colonial
9 (RLIN) 46054
650 ## - PUNTO DE ACCESO ADICIONAL DE MATERIA--TÉRMINO DE MATERIA
Descriptor Arte colonial
9 (RLIN) 13403
650 ## - PUNTO DE ACCESO ADICIONAL DE MATERIA--TÉRMINO DE MATERIA
Descriptor Arte virreinal
9 (RLIN) 46049
650 ## - PUNTO DE ACCESO ADICIONAL DE MATERIA--TÉRMINO DE MATERIA
Descriptor Cantería Inka
9 (RLIN) 46055
650 ## - PUNTO DE ACCESO ADICIONAL DE MATERIA--TÉRMINO DE MATERIA
Descriptor Inkas
9 (RLIN) 1899
650 ## - PUNTO DE ACCESO ADICIONAL DE MATERIA--TÉRMINO DE MATERIA
Descriptor Juan Espinoza Medrano
9 (RLIN) 46056
700 ## - PUNTO DE ACCESO ADICIONAL--NOMBRE DE PERSONA
Nombre Personal Kuon Cabello, Jorge
9 (RLIN) 31347
700 ## - PUNTO DE ACCESO ADICIONAL--NOMBRE DE PERSONA
Nombre Personal Yépez Miranda, Alfredo
9 (RLIN) 4230
700 ## - PUNTO DE ACCESO ADICIONAL--NOMBRE DE PERSONA
Nombre Personal Harth Terre, Emilio
9 (RLIN) 46011
700 ## - PUNTO DE ACCESO ADICIONAL--NOMBRE DE PERSONA
Nombre Personal Ríos Pagaza, Carlos
9 (RLIN) 45911
700 ## - PUNTO DE ACCESO ADICIONAL--NOMBRE DE PERSONA
Nombre Personal Sotomayor Pérez, José
9 (RLIN) 46057
700 ## - PUNTO DE ACCESO ADICIONAL--NOMBRE DE PERSONA
Nombre Personal Núñez Anavitarte, Carlos
9 (RLIN) 7771
700 ## - PUNTO DE ACCESO ADICIONAL--NOMBRE DE PERSONA
Nombre Personal Alencastre Gutiérrez, Andrés
9 (RLIN) 16462
700 ## - PUNTO DE ACCESO ADICIONAL--NOMBRE DE PERSONA
Nombre Personal Espinoza Medrano, Juan
9 (RLIN) 46058
710 ## - PUNTO DE ACCESO ADICIONAL--NOMBRE DE ENTIDAD CORPORATIVA
Nombre corporativo (En letras Mayúsculas) Universidad Nacional de San Antonio Abad del Cusco
9 (RLIN) 15942
942 ## - ELEMENTOS DE PUNTO DE ACCESO ADICIONAL (KOHA)
Fuente de clasificación
Tipo de item Revistas cusqueñas
945 ## - PROCESAMIENTO DE INFORMACIÓN LOCAL (OCLC)
Catalogador rac
Holdings
Estado de retiro (separado) Fuente de clasificación o esquema de estanterías Estado dañado Ubicación Sala donde se ubica Nombre de la colección Fecha de adquisición o compra Costo, precio normal en soles Signatura topográfica Código de Barras Última vez visto (Koha) Tipo de ítem (Koha)
No     Sala Hemeroteca Sala Hemeroteca Book Cart 2021-07-15 10.00 Rev.Univ/N°122-125/1965 REVC000198 2021-07-15 Revistas cusqueñas
No     Sala Hemeroteca Sala Hemeroteca Book Cart 2021-07-15 10.00 Rev.Univ/N°122-125/1965/e.2 REVC000199 2021-07-15 Revistas cusqueñas
No     Sala Hemeroteca Sala Hemeroteca Book Cart 2021-07-15 10.00 Rev.Univ/N°122-125/1965/e.3 REVC000200 2021-07-15 Revistas cusqueñas
No     Sala Hemeroteca Sala Hemeroteca Book Cart 2021-07-15 10.00 Rev.Univ/N°122-125/1965/e.4 REVC000201 2021-07-15 Revistas cusqueñas

Powered by Koha